JUSTO A TIEMPO (JUST IN TIME) : (Registro nro. 7443)
[ vista simple ]
| 000 -LEADER | |
|---|---|
| fixed length control field | 00625nam a2200193 a 4500 |
| 001 - CONTROL NUMBER | |
| control field | 7443 |
| 005 - DATE AND TIME OF LATEST TRANSACTION | |
| control field | 20180713191333.0 |
| 008 - FIXED-LENGTH DATA ELEMENTS--GENERAL INFORMATION | |
| fixed length control field | 140415s1992 ck 000 0 spa d |
| 020 ## - INTERNATIONAL STANDARD BOOK NUMBER | |
| International Standard Book Number | 9680408033 |
| 041 ## - LANGUAGE CODE | |
| Language code of text/sound track or separate title | spa |
| 082 ## - DEWEY DECIMAL CLASSIFICATION NUMBER | |
| Classification number | 658.5 |
| Item number | HAY |
| 100 1# - MAIN ENTRY--PERSONAL NAME | |
| Personal name | HAY, EDWARD J. |
| 245 10 - TITLE STATEMENT | |
| Title | JUSTO A TIEMPO (JUST IN TIME) : |
| Remainder of title | LA TECNICA JAPONESA QUE GERENCIA MAYOR VENTAJA COMPETITIVA |
| 260 ## - PUBLICATION, DISTRIBUTION, ETC. | |
| Place of publication, distribution, etc. | COLOMBIA : |
| Name of publisher, distributor, etc. | NORMA, |
| Date of publication, distribution, etc. | 1992 |
| 300 ## - PHYSICAL DESCRIPTION | |
| Extent | 247 |
| 650 14 - SUBJECT ADDED ENTRY--TOPICAL TERM | |
| Topical term or geographic name entry element | ADMINISTRACION DE LA PRODUCCION |
| 700 1# - ADDED ENTRY--PERSONAL NAME | |
| Personal name | CARDENAS, MARGARITA |
| Relator term | tr. |
| 740 ## - ADDED ENTRY--UNCONTROLLED RELATED/ANALYTICAL TITLE | |
| Uncontrolled related/analytical title | THE JUST-IN-TIME BREAKTHROUGH IMPLEMENTING THE NEW MANUFACTURING BASICS |
| Withdrawn status | Lost status | Source of classification or shelving scheme | Damaged status | Not for loan | Home library | Current library | Shelving location | Date acquired | Source of acquisition | Total Checkouts | Full call number | Barcode | Price effective from | Koha item type | Collection code | Inventory number | Date last seen | Date last checked out |
|---|---|---|---|---|---|---|---|---|---|---|---|---|---|---|---|---|---|---|
| No inventariado | Dewey Decimal Classification | Biblioteca Karol Wojtyla | Biblioteca Karol Wojtyla | 03/12/2013 | Compra | 658.5 HAY | 20406 | 03/12/2013 | Libro | |||||||||
| No inventariado | Dewey Decimal Classification | Biblioteca Karol Wojtyla | Biblioteca Karol Wojtyla | 03/12/2013 | Compra | 658.5 HAY | 25354 | 03/12/2013 | Libro | |||||||||
| No inventariado | Dewey Decimal Classification | Biblioteca Karol Wojtyla | Biblioteca Karol Wojtyla | 03/12/2013 | Compra | 658.5 HAY | 28519 | 03/12/2013 | Libro | |||||||||
| Dewey Decimal Classification | Biblioteca Karol Wojtyla | Biblioteca Karol Wojtyla | Sala general | 03/12/2013 | Compra | 658.5 HAY | 26800 | 03/12/2013 | Libro | General | 151000000000000000025829 | 05/01/2026 | ||||||
| Dewey Decimal Classification | Biblioteca Karol Wojtyla | Biblioteca Karol Wojtyla | Sala general | 03/12/2013 | Compra | 658.5 HAY | 34540 | 03/12/2013 | Libro | General | 151000000000000000025831 | 05/01/2026 | 18/08/2015 | |||||
| No inventariado | Dewey Decimal Classification | Biblioteca Karol Wojtyla | Biblioteca Karol Wojtyla | 03/12/2013 | Compra | 658.5 HAY | 20404 | 03/12/2013 | Libro | |||||||||
| Dewey Decimal Classification | Biblioteca Karol Wojtyla | Biblioteca Karol Wojtyla | Sala general | 03/12/2013 | Compra | 658.5 HAY | 66625 | 03/12/2013 | Libro | General | 151000000000000000025832 | 05/01/2026 | 06/06/2015 | |||||
| Dewey Decimal Classification | Biblioteca Karol Wojtyla | Biblioteca Karol Wojtyla | Sala general | 03/12/2013 | Compra | 658.5 HAY | 26801 | 03/12/2013 | Libro | General | 151000000000000000025830 | 05/01/2026 | ||||||
| No inventariado | Dewey Decimal Classification | Biblioteca Karol Wojtyla | Biblioteca Karol Wojtyla | 03/12/2013 | Compra | 658.5 HAY | 20405 | 03/12/2013 | Libro |